Identification of Digital Divide across Indonesian Provinces: the Analysis of Key Factors
Napriek ekonomickým a spoločenským výhodám digitalizácie a digitálnej transformácie je potrebné zmapovať digitálne podmienky krajiny a identifikovať digitálnu priepasť, aby bolo možné sformulovať účinnú stratégiu. Digitálna priepasť by sa mala pravidelne merať, aby sa monitoroval pokrok a určilo sa...
Salvato in:
| Autore principale: | |
|---|---|
| Altri autori: | , |
| Natura: | Capitolo di libro |
| Lingua: | inglese |
| Soggetti: | |
| Tags: |
Nessun Tag, puoi essere il primo ad aggiungerne!!
|
MARC
| LEADER | 00000naa a2200000 4500 | ||
|---|---|---|---|
| 001 | 0304159 | ||
| 005 | 20250721121241.3 | ||
| 041 | 0 | |a eng | |
| 044 | |a CZ | ||
| 245 | 1 | 0 | |a Identification of Digital Divide across Indonesian Provinces: the Analysis of Key Factors |c Dwi Ana Ratna Wati, Anetta Čaplánová, Ľubomír Darmo |
| 520 | |a Napriek ekonomickým a spoločenským výhodám digitalizácie a digitálnej transformácie je potrebné zmapovať digitálne podmienky krajiny a identifikovať digitálnu priepasť, aby bolo možné sformulovať účinnú stratégiu. Digitálna priepasť by sa mala pravidelne merať, aby sa monitoroval pokrok a určilo sa neustále zlepšovanie. Tento dokument identifikuje súčasnú digitálnu priepasť medzi provinciami v Indonézii. Štúdia využíva metódu hierarchického aglomeračného klastrovania založenú na údajoch indexu Indonézskej digitálnej spoločnosti od Ministerstva komunikácie a informatiky. Analyzuje tiež niektoré kľúčové faktory digitálnej priepasti na základe údajov Indonézskeho štatistického úradu pomocou modelu viacnásobnej lineárnej regresie. Výsledky ukazujú tri typy digitálnej priepasti v indonézskych provinciách, ktorá súvisí s prístupom, používaním a výsledkami informačných a komunikačných technológií. Hrubý regionálny domáci produkt na obyvateľa, mzda/plat, podiel formálnej práce a veľkosť populácie v produktívnom veku sú identifikované ako faktory výrazne ovplyvňujúce digitálnu priepasť. | ||
| 610 | 2 | 0 | |a transformácia digitálna |
| 610 | 2 | 0 | |a priepasť digitálna |
| 610 | 2 | 0 | |a modely lineárne |
| 610 | 2 | 0 | |a modely regresné |
| 610 | 2 | 0 | |a Indonézia |
| 100 | 1 | |a Wati, Dwi Ana Ratna | |
| 700 | 1 | |a Čaplánová, Anetta, 1967- | |
| 700 | 1 | |a Darmo, Ľubomír, 1984- | |